[Event "AUTO-OPEN-4233"]
[Site "http://www.queenalice.com/game.php?id=1634681"]
[Date "2020.11.28"]
[Round "1"]
[White "APSHOOTER"]
[Black "leeroy1"]
[Result "0-1"]
[WhiteElo "1647"]
[BlackElo "2290"]

1. e4 g6 2. d4 Bg7 3. Nf3 b6 4. Nc3 d6 5. h3 Bb7 6. Be2 Nf6 7. Bd3 Nbd7 8. Bb5
c6 9. Be2 O-O 10. d5 cxd5 11. exd5 Nh5 12. Bd2 Nhf6 13. Bc4 Nc5 14. Be3 Nfe4 15.
Bxc5 Bxc3+ 16. bxc3 bxc5 17. Qe2 Nxc3 18. Qe3 Na4 19. Qb3 Nb6 20. O-O Rb8 21.
Rad1 Nxc4 22. Qxc4 Qa5 23. Rb1 Ba6 24. Rxb8 Bxc4 25. Rxf8+ Kxf8 26. Rb1 f6 27.
Nd2 Qxa2 28. Rb8+ Kf7 29. Nxc4 Qxc4 0-1

[Event "AUTO-MASTER-3016"]
[Site "http://www.queenalice.com/game.php?id=1637975"]
[Date "2020.12.28"]
[Round "1"]
[White "leeroy1"]
[Black "rich"]
[Result "1-0"]
[WhiteElo "2268"]
[BlackElo "1953"]

1. Nc3 d5 2. d4 Nf6 3. Bg5 Nbd7 4. Nf3 e6 5. a3 c5 6. e3 Be7 7. Bb5 O-O 8. Bd3
c4 9. Be2 h6 10. Bh4 Qb6 11. Rb1 a6 12. Ne5 Re8 13. Nxd7 Bxd7 14. O-O Qc6 15.
Bg3 b5 16. Be5 a5 17. Bf3 b4 18. axb4 axb4 19. Ne2 Ne4 20. Bxe4 dxe4 21. Ng3 f6
22. Bf4 g5 23. Qh5 Kg7 24. Bxg5 fxg5 25. f4 Rf8 26. Qg4 Qd5 27. Nh5+ Kh7 28.
fxg5 Bxg5 29. h4 Bxe3+ 30. Kh1 Bg5 31. hxg5 Qxg5 32. Qxe4+ Kh8 33. Qe5+ Qxe5 34.
dxe5 Rf5 35. Rxf5 exf5 36. Nf4 Re8 37. Re1 Be6 38. Rd1 Kh7 39. Rd6 Bc8 40. Rc6
Bb7 41. Rc7+ Kg8 42. Rxb7 Rxe5 43. Rxb4 Re4 44. g3 1-0

[Event "AUTO-MASTER-3016"]
[Site "http://www.queenalice.com/game.php?id=1637976"]
[Date "2020.12.28"]
[Round "1"]
[White "rich"]
[Black "leeroy1"]
[Result "1/2-1/2"]
[WhiteElo "1911"]
[BlackElo "2277"]

1. d4 c5 2. d5 Nf6 3. c4 d6 4. Nc3 h6 5. Nf3 e6 6. e4 e5 7. Be2 Be7 8. O-O Nh7
9. h3 Bd7 10. Qc2 Qc8 11. Kh2 Ng5 12. Ng1 Na6 13. a3 Nc7 14. f4 exf4 15. Bxf4
Bf6 16. Bxd6 Bd4 17. Nf3 Bxh3 18. Ne5 Bxg2 19. Bg4 Bxe5+ 20. Bxe5 Qxg4 21. Qxg2
Qh5+ 22. Kg3 O-O-O 23. Rh1 Qg6 24. Kh2 f6 25. Bxc7 Kxc7 26. Qg3+ Kb6 27. Na4+
Ka6 28. Nxc5+ Kb6 29. Na4+ Ka6 30. Rae1 Rhe8 31. Qb3 Qh5+ 32. Kg3 Nxe4+ 33. Rxe4
Qg5+ 34. Kf2 Qd2+ 35. Kg3 1/2-1/2

[Event "AUTO-MASTER-3016"]
[Site "http://www.queenalice.com/game.php?id=1637977"]
[Date "2020.12.28"]
[Round "1"]
[White "leeroy1"]
[Black "DAlessandro"]
[Result "1-0"]
[WhiteElo "2292"]
[BlackElo "1557"]

1. d4 d5 2. Bg5 Bg4 3. Nc3 c6 4. h3 Bh5 5. Nf3 Qc7 6. g3 e6 7. a3 Be7 8. Bf4 Qd7
9. g4 Bg6 10. h4 Nf6 11. Ne5 Qc8 12. Nxg6 hxg6 13. f3 c5 14. e3 a6 15. Bg3 Nc6
16. Bh3 Na5 17. g5 Nh5 18. Bf2 Qc7 19. Ne2 Rc8 20. c3 O-O 21. Bg4 cxd4 22. exd4
Bd6 23. Qc2 f5 24. Bxh5 gxh5 25. Rg1 Nc4 26. Bg3 f4 27. Bf2 Qf7 28. g6 1-0

[Event "AUTO-MASTER-3016"]
[Site "http://www.queenalice.com/game.php?id=1637978"]
[Date "2020.12.28"]
[Round "1"]
[White "DAlessandro"]
[Black "leeroy1"]
[Result "0-1"]
[WhiteElo "1549"]
[BlackElo "2297"]

1. c4 g6 2. d4 Bg7 3. Nf3 Nh6 4. Bxh6 Bxh6 5. Nc3 b6 6. e3 Bb7 7. Be2 d6 8. O-O
Nd7 9. b4 O-O 10. Rb1 Nf6 11. c5 d5 12. cxb6 axb6 13. a4 c6 14. b5 cxb5 15. Nxb5
Ne4 16. Rc1 Nd6 17. Nxd6 exd6 18. Qb3 Rb8 0-1

[Event "AUTO-MASTER-3016"]
[Site "http://www.queenalice.com/game.php?id=1637979"]
[Date "2020.12.28"]
[Round "1"]
[White "leeroy1"]
[Black "clovis"]
[Result "1-0"]
[WhiteElo "2293"]
[BlackElo "2027"]

1. d4 d5 2. c4 c6 3. c5 Bf5 4. Bf4 e6 5. a3 Nd7 6. Nc3 Ngf6 7. h3 Ne4 8. Nxe4
Bxe4 9. Nf3 Be7 10. Bg3 O-O 11. e3 f6 12. Bd3 e5 13. Bxe4 dxe4 14. Nd2 exd4 15.
exd4 f5 16. O-O f4 17. Bh2 e3 18. Nf3 exf2+ 19. Kxf2 g5 20. Qb3+ Kh8 21. Qxb7
Nxc5 22. Qxc6 Rc8 23. Qb5 Rb8 24. Qc4 Rxb2+ 25. Kg1 Ne4 26. d5 Bc5+ 27. Kh1 Nf2+
28. Rxf2 Bxf2 29. Bg1 Bg3 30. Bd4+ 1-0

[Event "AUTO-MASTER-3016"]
[Site "http://www.queenalice.com/game.php?id=1637980"]
[Date "2020.12.28"]
[Round "1"]
[White "clovis"]
[Black "leeroy1"]
[Result "0-1"]
[WhiteElo "2048"]
[BlackElo "2298"]

1. e4 g6 2. Bc4 Bg7 3. Nf3 e6 4. O-O Nc6 5. d4 Na5 6. Bd3 d6 7. d5 b6 8. dxe6
Bxe6 9. Nc3 Nc4 10. Nd5 Ne5 11. Nxe5 Bxe5 12. Kh1 h6 13. f4 Bg7 14. f5 Bxd5 15.
exd5 g5 16. Re1+ Kf8 17. c3 Nf6 18. c4 Kg8 19. Bd2 Kh7 20. Bc3 Re8 21. Rxe8 Qxe8
22. Qf3 Qd7 23. Re1 Re8 24. h4 Rxe1+ 25. Bxe1 g4 26. Qf4 h5 27. Bc3 Bh6 28.
Qxh6+ Kxh6 29. Bxf6 Kh7 0-1

[Event "AUTO-MASTER-3033"]
[Site "http://www.queenalice.com/game.php?id=1646169"]
[Date "2021.3.9"]
[Round "1"]
[White "rmvwoods"]
[Black "leeroy1"]
[Result "1-0"]
[WhiteElo "2019"]
[BlackElo "2244"]

1. d4 g6 2. c4 Bg7 3. e4 c5 4. Nf3 cxd4 5. Nxd4 Qa5+ 6. Nc3 Nc6 7. Be3 d6 8. Be2
Nxd4 9. Bxd4 e5 10. Be3 Ne7 11. Qa4+ Qxa4 12. Nxa4 Bd7 13. Nc3 O-O 14. O-O Bc6
15. Nd5 Bxd5 16. cxd5 b6 17. Ba6 f5 18. f3 f4 19. Bf2 Bf6 20. Rac1 Rf7 21. Rc7
Rff8 22. Rfc1 Rfd8 23. Bb7 Rab8 24. g4 fxg3 25. hxg3 Kf8 26. Bc6 a5 27. Bd7 h6
28. Ra7 Nc8 29. Bxc8 Rdxc8 30. Rc6 Be7 31. Bxb6 Ra8 32. Rxa5 Rab8 33. a4 Ke8 34.
Ra7 Rxc6 35. dxc6 Rxb6 36. Ra8+ Kf7 37. c7 Rc6 38. c8=Q Rxc8 39. Rxc8 Bg5 40. b4
Bd2 41. b5 Ba5 42. Ra8 Bb6+ 43. Kg2 Ke7 44. a5 Bxa5 45. Rxa5 Kd7 46. Ra7+ 1-0

[Event "AUTO-MASTER-3033"]
[Site "http://www.queenalice.com/game.php?id=1646170"]
[Date "2021.3.9"]
[Round "1"]
[White "leeroy1"]
[Black "rmvwoods"]
[Result "1-0"]
[WhiteElo "2266"]
[BlackElo "1885"]

1. Nf3 c5 2. b3 Nf6 3. Bb2 d5 4. h3 g6 5. e3 Bg7 6. Bb5+ Bd7 7. Bxd7+ Nbxd7 8.
Na3 a6 9. c4 e6 10. Rb1 O-O 11. Nh2 e5 12. d3 e4 13. O-O Nb6 14. d4 cxd4 15.
Bxd4 Rb8 16. c5 Nbd7 17. b4 Qc7 18. Qc2 b5 19. Qb2 Qc6 20. Ng4 h5 21. Ne5 Nxe5
22. Bxe5 Rbc8 23. Nc2 Ne8 24. Bd4 f5 25. Rbc1 Nf6 26. f3 Rc7 27. fxe4 Nxe4 28.
Bxg7 Rxg7 29. Nd4 Qf6 30. Qc2 g5 31. Rxf5 Qd8 32. Ne6 1-0

[Event "AUTO-MASTER-3033"]
[Site "http://www.queenalice.com/game.php?id=1646181"]
[Date "2021.3.9"]
[Round "1"]
[White "maurice91"]
[Black "leeroy1"]
[Result "0-1"]
[WhiteElo "1979"]
[BlackElo "2274"]

1. d4 g6 2. Nf3 Bg7 3. g3 d5 4. Bg2 Nc6 5. c3 Nf6 6. O-O h6 7. Re1 Bg4 8. Na3
Qc8 9. Nb5 a6 10. Na3 Qd7 11. Nc2 Bh3 12. Ne3 Bxg2 13. Nxg2 O-O-O 14. c4 g5 15.
cxd5 Qxd5 16. Ne3 Qd7 17. a3 Nxd4 18. Nxd4 Qxd4 19. Rb1 Qe4 20. Qc2 Qxc2 21. Ra1
Qc5 22. Bd2 Rxd2 0-1

[Event "AUTO-MASTER-3033"]
[Site "http://www.queenalice.com/game.php?id=1646182"]
[Date "2021.3.9"]
[Round "1"]
[White "leeroy1"]
[Black "maurice91"]
[Result "1-0"]
[WhiteElo "2267"]
[BlackElo "1891"]

1. d4 c6 2. c4 d5 3. c5 a5 4. Nc3 b6 5. cxb6 Qxb6 6. Nf3 Nf6 7. h3 Ba6 8. b3 e6
9. Na4 Bb4+ 10. Bd2 Bxd2+ 11. Qxd2 Qc7 12. Nc5 O-O 13. Nxa6 Nxa6 14. a3 Rfb8 15.
Qc2 Qd6 16. e3 Rc8 17. Bd3 c5 18. Bxa6 Rxa6 19. Qd3 c4 20. Qc3 Qd7 21. Ne5 Qc7
22. bxc4 dxc4 23. O-O Nd5 24. Qc2 c3 25. Nd3 f6 26. Nc5 Rc6 27. Rfc1 e5 28. Qb3
Qf7 29. Rc2 exd4 30. exd4 g6 31. Rac1 Rb6 32. Qa2 Rcb8 33. Na4 Rb3 34. Nxc3 Rxc3
35. Rxc3 Nxc3 36. Qxf7+ Kxf7 37. Rxc3 Rb5 38. Kf1 Rd5 39. Rc4 g5 40. Ke2 h5 41.
Kd3 Ke6 42. Rc6+ Kf5 43. Kc4 Rd7 44. Rc5+ Ke4 45. d5 Ke5 46. Rxa5 Rc7+ 47. Kb4
Rc1 48. a4 f5 49. d6+ Kxd6 50. Rxf5 g4 51. Rxh5 gxh3 52. Rxh3 1-0

[Event "AUTO-MASTER-3033"]
[Site "http://www.queenalice.com/game.php?id=1646187"]
[Date "2021.3.9"]
[Round "1"]
[White "Donyelko"]
[Black "leeroy1"]
[Result "1-0"]
[WhiteElo "2007"]
[BlackElo "2218"]

1. e4 g6 2. d4 Bg7 3. c4 c5 4. Nf3 cxd4 5. Nxd4 Qa5+ 6. Nc3 e5 7. Nb5 Bf8 8.
Nd6+ Bxd6 9. Qxd6 Na6 10. Bd2 Qc5 11. Qxc5 Nxc5 12. Nd5 Rb8 13. f3 Ne6 14. Bb4
b6 15. Bd6 Ra8 16. Bd3 Bb7 17. b3 Bxd5 18. cxd5 Nc5 19. Be2 Nb7 20. Bxe5 f6 21.
Bb2 d6 22. O-O Kf7 23. Rac1 Ne7 24. b4 a5 25. b5 Nc5 26. g4 h6 27. h4 Rhg8 28.
Bd4 Nc8 29. Kg2 Re8 30. Bxc5 bxc5 31. a4 Nb6 32. Bd1 Rac8 33. Rc3 h5 34. gxh5
gxh5 35. Kh2 Re5 36. Re1 Rh8 37. f4 Re7 38. Bc2 Rg8 39. Rg3 Rxg3 40. Kxg3 Kf8
41. Bd1 Rh7 42. e5 dxe5 43. fxe5 Nxd5 44. exf6 Nxf6 45. Re6 Rf7 46. Ra6 Ne4+ 47.
Kg2 Nc3 48. Bxh5 Rg7+ 49. Kf3 Rb7 50. Rxa5 Nd5 51. Ra6 c4 52. Ke4 Nb4 53. Ra8+
Kg7 54. Kd4 c3 55. Kxc3 Nd5+ 56. Kb3 Re7 57. Re8 Rc7 58. Rd8 Rc5 59. Be8 Nf6 60.
Bc6 Ng8 61. Rd5 Rc1 62. a5 Ne7 63. Rd7 Kf6 64. Be4 Re1 65. Bb7 Rb1+ 66. Kc4 Rc1+
67. Kb4 Ke6 68. Rd4 Nf5 69. Re4+ Kd6 70. a6 Kc7 71. Rc4+ Rxc4+ 72. Kxc4 Kb6 73.
h5 Nd6+ 74. Kb4 Nf7 75. Bd5 Nh6 76. Be6 Kc7 77. Kc5 1-0

[Event "AUTO-MASTER-3033"]
[Site "http://www.queenalice.com/game.php?id=1646188"]
[Date "2021.3.9"]
[Round "1"]
[White "leeroy1"]
[Black "Donyelko"]
[Result "0-1"]
[WhiteElo "2270"]
[BlackElo "2033"]

1. c4 c5 2. Nc3 Nc6 3. b3 e5 4. Bb2 d6 5. h3 Nf6 6. e3 Be7 7. a3 a6 8. Bd3 O-O
9. Ne4 Nxe4 10. Bxe4 Qe8 11. Qh5 f5 12. Qxe8 Rxe8 13. Bd5+ Kh8 14. Ne2 Bf6 15.
O-O-O Ne7 16. g4 Nxd5 17. cxd5 fxg4 18. h4 b5 19. e4 a5 20. Nc3 b4 21. Nb5 Rd8
22. a4 Rb8 23. Na7 Rb7 24. Nc6 Rf8 25. Nxa5 Rbf7 26. Nc4 Be7 27. Rh2 Rxf2 28.
Rhh1 R2f3 29. Kc2 h5 30. Bc1 Ba6 31. Ne3 g6 32. d3 g3 33. Rdg1 Kg7 34. Bd2 Bc8
35. Ng2 Ba6 36. Ne3 Bc8 37. Ng2 Ba6 38. Ne1 g2 39. Rxg2 Rf1 40. Rhh2 Bc8 41. Rg3
Bg4 42. Ng2 Bd1+ 43. Kb2 R8f2 44. Ne3 Rxh2 45. Nxf1 Rxh4 46. a5 Bg4 47. a6 Bc8
48. a7 Bb7 49. Ne3 Kf7 50. Nc4 Rh2 51. Kc2 h4 52. Rf3+ Ke8 53. Kd1 Rg2 54. Rh3
Rg1+ 55. Be1 g5 56. Ne3 g4 57. Nxg4 Rxg4 58. Bf2 Kd7 59. Ke2 Kc7 60. Rh1 Ba8 61.
Kf3 Rf4+ 62. Ke2 Kb7 63. Rg1 Rf7 64. Ra1 Kb6 65. Kf1 Bg5 66. Kg1 Rxa7 67. Rc1
Bxc1 0-1

[Event "AUTO-ELITE-2341"]
[Site "http://www.queenalice.com/game.php?id=1762642"]
[Date "2021.6.20"]
[Round "1"]
[White "leeroy1"]
[Black "Sexxy_Bunny"]
[Result "0-1"]
[WhiteElo "2225"]
[BlackElo "2787"]

1. Nf3 d5 2. Nc3 Nf6 3. d4 g6 4. Bg5 Nbd7 5. e3 Bg7 6. Bd3 O-O 7. Qd2 c6 8. a3
Re8 9. e4 dxe4 10. Nxe4 Nxe4 11. Bxe4 Nf6 12. Bd3 Bg4 13. c3 Bxf3 14. gxf3 e5
15. Be4 exd4 16. Bxf6 Qxf6 17. Kf1 dxc3 18. bxc3 Rad8 19. Qc2 Qh4 20. h3 Bf8 21.
a4 Bc5 22. Rh2 Qf4 23. Rg2 Rd2 24. Qc1 Red8 25. Qe1 f5 26. Bxf5 Qxf5 27. Qe4
Qxh3 28. Qc4+ R8d5 29. Kg1 Bxf2+ 30. Rxf2 Qg3+ 0-1

[Event "AUTO-ELITE-2341"]
[Site "http://www.queenalice.com/game.php?id=1762643"]
[Date "2021.6.20"]
[Round "1"]
[White "Sexxy_Bunny"]
[Black "leeroy1"]
[Result "1-0"]
[WhiteElo "2770"]
[BlackElo "2271"]

1. e4 c5 2. Nf3 d6 3. d4 Bg4 4. dxc5 Qa5+ 5. Nc3 Qxc5 6. Be3 Qb4 7. a3 Qa5 8. h3
Bh5 9. Bb5+ Nc6 10. Qd5 O-O-O 11. Qxh5 a6 12. Qxf7 axb5 13. O-O Nf6 14. b4 Qc7
15. Qb3 Qd7 16. a4 bxa4 17. Nxa4 Qe8 18. b5 Nb8 19. Ng5 1-0

[Event "AUTO-ELITE-2341"]
[Site "http://www.queenalice.com/game.php?id=1762644"]
[Date "2021.6.20"]
[Round "1"]
[White "leeroy1"]
[Black "trompmaster"]
[Result "0-1"]
[WhiteElo "2224"]
[BlackElo "2425"]

1. c4 d6 2. d4 Nd7 3. Nf3 e5 4. d5 Be7 5. Nc3 h6 6. g3 Ngf6 7. b4 O-O 8. e4 a5
9. Ba3 axb4 10. Bxb4 c5 11. dxc6 bxc6 12. a4 Rb8 13. Rb1 Rxb4 14. Rxb4 Qa5 15.
Qb1 d5 16. Rb3 Nxe4 17. Qb2 d4 18. Qc2 Nxc3 19. Nd2 Nc5 20. Rb8 e4 21. Nb3 Qxa4
22. Nxd4 Qa1+ 23. Kd2 Bg5+ 0-1

[Event "AUTO-ELITE-2341"]
[Site "http://www.queenalice.com/game.php?id=1762645"]
[Date "2021.6.20"]
[Round "1"]
[White "trompmaster"]
[Black "leeroy1"]
[Result "1-0"]
[WhiteElo "2402"]
[BlackElo "2251"]

1. d3 d5 2. Nd2 Nf6 3. e4 dxe4 4. dxe4 e5 5. Be2 Bb4 6. c3 Bc5 7. h3 Be6 8. Qc2
Nbd7 9. Ngf3 h6 10. Nc4 Bxc4 11. Bxc4 Qe7 12. b4 Bb6 13. O-O a6 14. a4 c6 15. a5
Bc7 16. Rd1 O-O 17. Nh4 Ne8 18. Nf5 Qf6 19. Rxd7 Rc8 20. Ne7+ 1-0

[Event "AUTO-MASTER-3016"]
[Site "http://www.queenalice.com/game.php?id=1771061"]
[Date "2021.9.30"]
[Round "2"]
[White "Torbencarlsen"]
[Black "leeroy1"]
[Result "1-0"]
[WhiteElo "2449"]
[BlackElo "2216"]

1. e4 b6 2. d4 Bb7 3. Nc3 e6 4. Nf3 Bb4 5. Bd3 h6 6. O-O Be7 7. a3 Nf6 8. e5 Nh7
9. Be3 Ng5 10. Nd2 d6 11. Qg4 g6 12. f4 Nh7 13. d5 h5 14. Qh3 Bc8 15. dxe6 Bxe6
16. f5 gxf5 17. Bxf5 Nf8 18. exd6 cxd6 19. Qf3 Na6 20. Nde4 Kd7 21. Rad1 Nc7 22.
Bf4 1-0

[Event "AUTO-MASTER-3016"]
[Site "http://www.queenalice.com/game.php?id=1771062"]
[Date "2021.9.30"]
[Round "2"]
[White "leeroy1"]
[Black "Torbencarlsen"]
[Result "0-1"]
[WhiteElo "2211"]
[BlackElo "2452"]

1. Nc3 Nf6 2. e4 e5 3. Nf3 Nc6 4. Bb5 Bb4 5. Bxc6 dxc6 6. d3 Qe7 7. h3 O-O 8.
O-O h6 9. Ne2 Nh5 10. Be3 a5 11. Qc1 f5 12. Bxh6 gxh6 13. Qxh6 fxe4 14. dxe4 Nf4
15. Nxf4 Rxf4 16. Rad1 Bd6 17. Rd3 Rf6 18. Qg5+ Qg7 19. Qxg7+ Kxg7 20. g4 b6 21.
Kg2 Ba6 22. Rfd1 Bxd3 23. Rxd3 Raf8 24. h4 Rf4 25. g5 Rxe4 0-1

[Event "AUTO-MASTER-3016"]
[Site "http://www.queenalice.com/game.php?id=1771065"]
[Date "2021.9.30"]
[Round "2"]
[White "leeroy1"]
[Black "cerenzo72"]
[Result "1-0"]
[WhiteElo "2200"]
[BlackElo "2125"]

1. Nf3 c5 2. c4 Nf6 3. d4 cxd4 4. Nxd4 e6 5. a3 h6 6. Nc3 Nc6 7. Nxc6 bxc6 8.
Bd2 d5 9. cxd5 cxd5 10. e3 a6 11. Be2 Bb7 12. O-O Bd6 13. Bf3 O-O 14. Ne2 e5 15.
Ng3 e4 16. Bg4 Nxg4 17. Qxg4 Rc8 18. Nf5 Kh7 19. Qxg7# 1-0

[Event "AUTO-MASTER-3016"]
[Site "http://www.queenalice.com/game.php?id=1771066"]
[Date "2021.9.30"]
[Round "2"]
[White "cerenzo72"]
[Black "leeroy1"]
[Result "0-1"]
[WhiteElo "2117"]
[BlackElo "2210"]

1. e4 e5 2. Nf3 d6 3. d4 exd4 4. Nxd4 Qh4 5. Nc3 c6 6. Nf3 Qd8 7. Bf4 Bg4 8. Be2
Be7 9. O-O Nf6 10. Qd3 O-O 11. Rad1 Ne8 12. Nd4 Bxe2 13. Qxe2 Nd7 14. Nf5 Nb6
15. e5 d5 16. Qg4 Kh8 17. Rfe1 g5 18. Be3 Rg8 19. Qh5 Rg6 20. Nh6 Kg7 0-1

[Event "AUTO-ELITE-2373"]
[Site "http://www.queenalice.com/game.php?id=1773302"]
[Date "2021.10.27"]
[Round "1"]
[White "leeroy1"]
[Black "trompmaster"]
[Result "0-1"]
[WhiteElo "2230"]
[BlackElo "2472"]

1. d4 d6 2. e4 Nf6 3. Nc3 e5 4. dxe5 dxe5 5. Qxd8+ Kxd8 6. Bg5 Nd7 7. O-O-O c6
8. Nf3 Kc7 9. Bxf6 gxf6 10. Bc4 Bh6+ 11. Kb1 Rf8 12. Nd2 b5 13. Be2 Rg8 14. g3
Nc5 15. Nb3 Bf8 16. Nxc5 Bxc5 17. f3 Bh3 18. Bf1 Be6 19. g4 Rad8 20. Bd3 h5 21.
h3 Rh8 22. a3 a5 23. Ne2 Bf2 24. Rdf1 Bh4 25. Nc1 a4 26. Be2 hxg4 27. fxg4 Kb6
28. Rf3 Bg5 29. Rd3 Rd4 30. Bf3 Kc7 31. Bg2 c5 32. Ne2 Rxd3 33. cxd3 b4 34. axb4
cxb4 35. Rd1 Rd8 36. Nc1 Kb6 37. Bf3 a3 38. Be2 Rc8 39. Na2 Bxa2+ 40. Kxa2 Rc2
41. Bf1 Rxb2+ 42. Ka1 b3 43. d4 Rc2 44. Bd3 Rc1+ 0-1

[Event "AUTO-ELITE-2373"]
[Site "http://www.queenalice.com/game.php?id=1773303"]
[Date "2021.10.27"]
[Round "1"]
[White "trompmaster"]
[Black "leeroy1"]
[Result "1-0"]
[WhiteElo "2438"]
[BlackElo "2219"]

1. d3 d5 2. Nf3 Nc6 3. e4 dxe4 4. dxe4 Qxd1+ 5. Kxd1 Bg4 6. Nd2 O-O-O 7. c3
Bxf3+ 8. gxf3 g6 9. Bb5 Ne5 10. Kc2 a6 11. Be2 e6 12. f4 Nc6 13. Nf3 h6 14. Ne5
Nxe5 15. fxe5 Bc5 16. b4 Bb6 17. Rf1 f6 18. f4 f5 19. Bc4 Re8 20. exf5 gxf5 21.
Kb3 h5 22. a4 Rh6 23. Ra2 Rg6 24. b5 a5 25. Be2 h4 26. Bh5 Ne7 27. Ba3 Rgg8 28.
Bxe8 Rxe8 29. c4 Be3 30. Rg2 c5 31. Bb2 Rd8 32. Bc3 b6 33. Rg7 Kd7 34. Rd1+ Ke8
35. Rxd8+ Kxd8 36. Be1 Bxf4 37. Bxh4 Bxe5 38. Rxe7 Bxh2 39. Rxe6+ Kc7 40. Rc6+
Kb7 41. Bd8 1-0

[Event "AUTO-ELITE-2373"]
[Site "http://www.queenalice.com/game.php?id=1773304"]
[Date "2021.10.27"]
[Round "1"]
[White "leeroy1"]
[Black "Donidon"]
[Result "0-1"]
[WhiteElo "2225"]
[BlackElo "2334"]

1. Nf3 Nf6 2. b3 g6 3. Bb2 Bg7 4. Na3 O-O 5. e3 d5 6. h3 c5 7. c4 Nc6 8. Be2 e6
9. Nc2 Bd7 10. Nh2 e5 11. Ng4 d4 12. exd4 exd4 13. d3 Nxg4 14. hxg4 Qe7 15. Kf1
h6 16. Bc1 g5 17. Bf3 Ne5 18. Be2 f5 19. gxf5 Bxf5 20. g4 Bg6 21. a4 Be8 22. Ba3
Bc6 23. Rh3 Rf4 24. Bc1 Rf6 25. Kg1 Raf8 26. Rh2 Nf3+ 27. Bxf3 Rxf3 28. Ne1 Be5
29. Rxh6 Rxf2 30. Rxc6 Rf1+ 0-1

[Event "AUTO-ELITE-2373"]
[Site "http://www.queenalice.com/game.php?id=1773305"]
[Date "2021.10.27"]
[Round "1"]
[White "Donidon"]
[Black "leeroy1"]
[Result "0-1"]
[WhiteElo "2350"]
[BlackElo "2214"]

1. e4 b6 2. d4 Bb7 3. Nc3 e6 4. f4 Bb4 5. Qd3 Bxc3+ 6. bxc3 Ba6 7. c4 d5 8. Qe3
Bxc4 9. Bxc4 dxc4 10. c3 a6 11. Ba3 Qh4+ 12. g3 Qd8 13. Nf3 Qd7 14. f5 Qa4 15.
Bc1 Nf6 16. fxe6 fxe6 17. O-O O-O 18. Ng5 Qe8 19. Ba3 Nbd7 20. Bxf8 Nxf8 21. e5
Nd5 22. Qe2 Qg6 23. Nh3 b5 24. Nf4 Nxf4 25. Rxf4 Nd7 26. a4 Nb6 27. axb5 a5 28.
d5 Nxd5 0-1